| Tag |
First Indicator |
Second Indicator |
Subfields |
| LEADER |
00000cam a2200000La 4500 |
| 001 |
in00001627607 |
| 005 |
20220105105540.0 |
| 006 |
m u |
| 007 |
cr cn- |
| 008 |
001009s1998 dcua s i000 0 eng d |
| 010 |
|
|
|z 98036253
|
| 020 |
|
|
|a 0585261032 (electronic bk.) :
|c $22.00
|
| 020 |
|
|
|z 0821342924
|
| 035 |
|
|
|a (OCoLC)ocm45731894
|
| 040 |
|
|
|a N$T
|c N$T
|d OCL
|d UtOrBLW
|
| 043 |
|
|
|a f-mz---
|
| 049 |
|
|
|a IKMN
|
| 050 |
1 |
4 |
|a HG3881.5.W57
|b L362 1998eb
|
| 082 |
0 |
4 |
|a 338.9679
|2 21
|
| 100 |
1 |
|
|a Landau, Luis,
|d 1936-
|0 http://id.loc.gov/authorities/names/n83231908
|
| 245 |
1 |
0 |
|a Rebuilding the Mozambique economy :
|b assessment of a development partnership /
|c Luis Landau.
|
| 264 |
|
1 |
|a Washington, D.C. :
|b World Bank,
|c 1998.
|
| 300 |
|
|
|a xviii, 89 pages :
|b illustrations ;
|c 28 cm.
|
| 336 |
|
|
|a text
|b txt
|2 rdacontent
|
| 337 |
|
|
|a computer
|b c
|2 rdamedia
|
| 338 |
|
|
|a online resource
|b cr
|2 rdacarrier
|
| 490 |
1 |
|
|a OED study series
|
| 500 |
|
|
|a At head of title: World Bank Operations Evaluation Department, OED.
|
| 533 |
|
|
|a Electronic reproduction.
|b Boulder, Colo. :
|c NetLibrary,
|d 2000.
|n Available via World Wide Web.
|n Access may be limited to NetLibrary affiliated libraries.
|
| 500 |
|
|
|a Electronic resource.
|
| 610 |
2 |
0 |
|a World Bank
|z Mozambique.
|
| 650 |
|
0 |
|a Economic assistance
|z Mozambique.
|0 http://id.loc.gov/authorities/subjects/sh2009124566
|
| 651 |
|
0 |
|a Mozambique
|x Economic conditions
|y 1975-
|0 http://id.loc.gov/authorities/subjects/sh85088186
|
| 651 |
|
0 |
|a Mozambique
|x Economic policy.
|0 http://id.loc.gov/authorities/subjects/sh2008115957
|
| 655 |
|
7 |
|a Electronic books.
|2 local
|
| 710 |
2 |
|
|a NetLibrary, Inc.
|0 http://id.loc.gov/authorities/names/no99080690
|
| 776 |
1 |
|
|c Original
|w (DLC) 98036253
|w (OCoLC)39515517
|
| 830 |
|
0 |
|a OED study series.
|0 http://id.loc.gov/authorities/names/n98095032
|
| 856 |
4 |
1 |
|u https://proxy.library.tamu.edu/login?url=http://www.netLibrary.com/urlapi.asp?action=summary&v=1&bookid=26585
|z Connect to the full text of this electronic book
|t 0
|
| 994 |
|
|
|a 92
|b IKM
|
| 999 |
|
|
|a MARS
|
| 999 |
f |
f |
|s 5724416e-da9e-3660-a0c5-bdc88e4c2cb1
|i 500a5ca6-56df-38ca-bba4-b120993eca0f
|t 0
|
| 952 |
f |
f |
|a Texas A&M University
|b College Station
|c Electronic Resources
|d Available Online
|t 0
|e HG3881.5.W57 L362 1998eb
|h Library of Congress classification
|
| 998 |
f |
f |
|a HG3881.5.W57 L362 1998eb
|t 0
|l Available Online
|